Ермолинского Николая Николаевича

Доступно только в Электронных читальных залах Найти на картеНа карте
RUSMARC
00004323nmc2a22003131x 450
001269b05c3-3f9c-4c10-b8f6-43f0b4b461d6
00520140115121802.0
100##$a20130529l19151916k y0rusy50 ca
1010#$arus
102##$aRU
105##$ay z |||||
2001#$aЕрмолинского Николая Николаевича
$j1915-1916
215##$a11 листов
$cоткр.
251##$cДело
300##$aЗаголовок дела на папке: Письма Ермолинского Николая Николаевича (адъютант великого князя Константина Константиновича) Кони А. Ф.
300##$aВ деле имеются документы без дат
300##$a9 писем
300##$aЛисты 5, 6: открытки
300##$aРукописный текст
330##$aПереписка А. Ф. Кони; Письма к А. Ф. Кони
461#0$10013a54f2e3-e9cf-409b-80fa-f0a9bd3c40cb
$12001
$aКони Анатолий Федорович, юрист, литератор, член академии наук, председатель Санкт-Петербургского окружного суда, член государственного совета
$1251
$cФонд
$1852
$j564
462#0$100178a475cd-a47d-4377-bff3-cee4b81de655
$12001
$aОпись дел фонда А. Ф. Кони за 1880-1931 гг.
$1251
$cОпись
$1852
$j1
517##$aПисьма Ермолинского Николая Николаевича (адъютант великого князя Константина Константиновича) Кони А. Ф.
600#1$aКони
$bА. Ф.
$f1844-1927
$gАнатолий Федорович
600#1$aЕрмолинский
$bН. Н.
$gНиколай Николаевич
600#0$aКонстантин Константинович
$cвеликий князь
801#0$aRU
$bGA_RF
801#1$aRU
$bНПО Опыт
$c20130529
$2rusmarc
801#2$aRU
$bПБ им. Б.Н. Ельцина
$c20140115
$gRCR
$2rusmarc
852##$aГА РФ
$j1837
937##$d42830503
$hПБ
035##$aRuPRLIB51002623
Формат отображения